000 00501nam a2200169Ia 4500
008 090124s9999 xx 000 0 und d
020 _a978-81-7766-855-1
082 _b46248
245 _a आयएसआयच्या कारवाया
250 _a1
260 _c2007
300 _a188
630 _a आयएसआयच्या कारवाया
700 _aमांडे अरुण
730 _a आयएसआयच्या कारवाया
942 _cBOOK
999 _c112463
_d112463